000 01051cam a22002891a 4500
999 _c129306
_d129306
001 3034725
003 ARRUPE
005 20190329103212.0
008 950807s1995 nyu b 000 0 eng
010 _a 95037847
020 _a0940322048 (alk. paper)
040 _aDLC
_cDLC
_dDLC
050 0 0 _aBF175.5.R44
_bM46 1997
082 0 0 _a150.19/52
_220
100 _aCrews, Frederick
_945539
245 0 4 _aThe memory wars :
_bFreud's legacy in dispute /
_cFrederick Crews ... [et al.].
260 _aLondon :
_bgranta Books,
_cc1997.
300 _axiii, 299 p. ;
_c22 cm.
504 _aIncludes bibliographical references.
600 1 0 _aFreud, Sigmund,
_d1856-1939.
_945540
650 0 _aRepression (Psychology)
_945541
650 0 _aMemory.
_945542
700 1 _aCrews, Frederick C.
_928471
906 _a7
_bcbc
_corignew
_d1
_eocip
_f19
_gy-gencatlg
942 _2lcc
_cMONOGRAPH